Ariadne's dream

保存先:
書誌詳細
第一著者: Tess Fragoulis
フォーマット: 図書
言語:Undetermined
出版事項: Saskatoon Thistledown Press Ltd 2001
主題:
タグ: タグ追加
タグなし, このレコードへの初めてのタグを付けませんか!
Thư viện lưu trữ: Trung tâm Học liệu Trường Đại học Cần Thơ
LEADER 00424nam a2200157Ia 4500
001 CTU_56130
008 210402s9999 xx 000 0 und d
082 |a 813.54 
082 |b F811 
100 |a Tess Fragoulis 
245 0 |a Ariadne's dream 
260 |a Saskatoon 
260 |b Thistledown Press Ltd 
260 |c 2001 
650 |a Literature Canadian ( English ) 
980 |a Trung tâm Học liệu Trường Đại học Cần Thơ